Statistics for Interstate 95 Towns and Cities - Any Direction

Click here to take the quiz!

General Stats

  • This quiz has been taken 39 times
  • The average score is 40 of 165

Answer Stats

HintAnswer% Correct
Rhode Island | VirginiaRichmond
85%
MarylandBaltimore
81%
FloridaMiami
81%
Washington D.C.Washington
81%
FloridaJacksonville
78%
Delaware | New JerseyNewark
78%
PennsylvaniaPhiladelphia
78%
GeorgiaSavannah
78%
DelawareWilmington
78%
MaineAugusta
74%
New YorkNew York City
70%
MainePortland
70%
VirginiaAlexandria
67%
FloridaFort Lauderdale
67%
ConnecticutNew Haven
67%
North CarolinaFayetteville
63%
Rhode IslandProvidence
63%
MaineBangor
59%
VirginiaPetersburg
56%
New JerseyTrenton
56%
FloridaDaytona Beach
48%
New HampshirePortsmouth
48%
FloridaWest Palm Beach
48%
ConnecticutBridgeport
44%
New JerseyElizabeth
44%
South CarolinaFlorence
44%
VirginiaFredericksburg
44%
FloridaHollywood
41%
North CarolinaRocky Mount
41%
ConnecticutStamford
41%
GeorgiaBrunswick
37%
VirginiaEmporia
37%
North CarolinaLumberton
37%
North CarolinaWilson
37%
Connecticut | GeorgiaDarien
33%
MaineHoulton
33%
FloridaMelbourne
33%
MaineNewport
33%
Rhode IslandPawtucket
33%
FloridaBoca Raton
30%
South CarolinaDillon
30%
ConnecticutNorwalk
30%
FloridaPort St Lucie
30%
New YorkRye
30%
South CarolinaSantee
30%
FloridaSt Augustine
30%
Rhode IslandWarwick
30%
North CarolinaBenson
26%
North CarolinaDunn
26%
MarylandElkton
26%
New JerseyFort Lee
26%
ConnecticutGreenwich
26%
MaineLewiston
26%
ConnecticutNew London
26%
FloridaNorth Miami
26%
FloridaTitusville
26%
MassachusettsWaltham
26%
VirginiaDumfries
22%
GeorgiaKingsland
22%
South CarolinaManning
22%
New YorkNew Rochelle
22%
FloridaNew Smyrna Beach
22%
MassachusettsNewton
22%
FloridaPalm Coast
22%
South CarolinaRidgeland
22%
VirginiaStafford
22%
South CarolinaWalterboro
22%
South CarolinaYemassee
22%
FloridaDelray Beach
19%
ConnecticutFairfield
19%
New HampshireHampton
19%
South CarolinaHardeeville
19%
MaineKittery
19%
FloridaOrmond Beach
19%
FloridaPalm Bay
19%
FloridaPompano Beach
19%
North CarolinaRowland
19%
North CarolinaSelma
19%
FloridaVero Beach
19%
MarylandAberdeen
15%
FloridaBoynton Beach
15%
FloridaCocoa
15%
ConnecticutEast Lyme
15%
ConnecticutMilford
15%
GeorgiaRichmond Hill
15%
South CarolinaSt George
15%
VirginiaTempleton
15%
MaineYork
15%
MassachusettsAttleboro
11%
FloridaDeerfield Beach
11%
FloridaFort Pierce
11%
MassachusettsFoxborough
11%
VirginiaLorton
11%
FloridaMims
11%
MassachusettsNewburyport
11%
ConnecticutNew Stonington
11%
FloridaNorth Miami Beach
11%
ConnecticutOld Saybrook
11%
MassachusettsSalisbury
11%
MaineSherman
11%
North CarolinaSt Pauls
11%
South CarolinaTimmonsville
11%
MaineWaterville
11%
North CarolinaWeldon
11%
GeorgiaWoodbine
11%
MarylandBeltsville
7%
MaineBiddeford
7%
FloridaBunnell
7%
MassachusettsDedham
7%
GeorgiaDock Junction
7%
FloridaEdgewater
7%
VirginiaFalmouth
7%
FloridaFellsmere
7%
North CarolinaGodwin
7%
ConnecticutGuilford
7%
VirginiaJarratt
7%
FloridaJupiter
7%
North CarolinaKenly
7%
VirginiaLadysmith
7%
South CarolinaLatta
7%
MassachusettsLexington
7%
MaineMedway
7%
MaineOakfield
7%
FloridaPalm City
7%
FloridaPalm Shores
7%
FloridaPort Orange
7%
GeorgiaPort Wentworth
7%
FloridaSebastian
7%
FloridaSt Johns
7%
South CarolinaTurbeville
7%
MaineWells
7%
South CarolinaAlcolu
4%
PennsylvaniaAndalusia
4%
FloridaAventura
4%
FloridaDania Beach
4%
New JerseyEast Windsor
4%
PennsylvaniaEddystone
4%
Rhode IslandExeter
4%
FloridaHallandale Beach
4%
MaineHowland
4%
MarylandJessup
4%
FloridaLake Worth
4%
South CarolinaLynchburg
4%
FloridaMicco
4%
MarylandMorningside
4%
MarylandNottingham
4%
FloridaOak Hill
4%
FloridaPalm Beach Gardens
4%
MassachusettsPeabody
4%
FloridaRiviera Beach
4%
FloridaRockledge
4%
MaineSabattus
4%
FloridaScottsmoor
4%
MaineSidney
4%
VirginiaSouthbridge
4%
GeorgiaSouth Newport
4%
VirginiaStony Creek
4%
South CarolinaSummerton
4%
MassachusettsWakefield
4%
North CarolinaWhitakers
4%
GeorgiaWhite Oak
4%
New JerseyWoodbridge Township
4%

Score Distribution

Percentile by Number Answered

Percent of People with Each Score

Your Score History

You have not taken this quiz